Statistics for English Goalkeepers

Click here to take the quiz!

General Stats

  • This quiz has been taken 124 times
    (61 since last reset)
  • The average score is 28 of 52

Answer Stats

HintHint% Correct
World Cup 20221Jordan Pickford
93%
UEFA Euro 20201Jordan Pickford
93%
World Cup 20181Jordan Pickford
93%
World Cup 19981David Seaman
89%
World Cup 20021David Seaman
89%
World Cup 199022David Seaman
89%
UEFA Euro 20001David Seaman
89%
UEFA Euro 19961David Seaman
89%
UEFA Euro 20161Joe Hart
83%
World Cup 201023Joe Hart
83%
UEFA Euro 20121Joe Hart
83%
World Cup 20141Joe Hart
83%
UEFA Euro 20041David James
72%
World Cup 200222David James
72%
World Cup 200613David James
72%
World Cup 20101David James
72%
World Cup 201823Nick Pope
70%
World Cup 202222Nick Pope
70%
World Cup 202213Aaron Ramsdale
69%
World Cup 19901Peter Shilton
69%
UEFA Euro 19881Peter Shilton
69%
World Cup 19861Peter Shilton
69%
World Cup 198222Peter Shilton
69%
UEFA Euro 201212Robert Green
56%
World Cup 201012Robert Green
56%
World Cup 201813Jack Butland
52%
UEFA Euro 201223Jack Butland
52%
World Cup 201413Ben Foster
46%
UEFA Euro 201613Fraser Forster
46%
World Cup 201422Fraser Forster
46%
UEFA Euro 200413Paul Robinson
46%
World Cup 20061Paul Robinson
46%
UEFA Euro 202013Dean Henderson
43%
World Cup 199813Nigel Martyn
30%
UEFA Euro 199213Nigel Martyn
30%
World Cup 200212Nigel Martyn
30%
UEFA Euro 200012Nigel Martyn
30%
World Cup 19821Ray Clemence
30%
World Cup 200622Scott Carson
28%
UEFA Euro 199613Tim Flowers
28%
World Cup 199822Tim Flowers
28%
UEFA Euro 19921Chris Woods
26%
World Cup 199012Chris Woods
26%
UEFA Euro 198813Chris Woods
26%
World Cup 198613Chris Woods
26%
UEFA Euro 201623Tom Heaton
26%
UEFA Euro 199622Ian Walker
22%
UEFA Euro 200422Ian Walker
22%
UEFA Euro 202023Sam Johnstone
22%
World Cup 198622Gary Bailey
11%
World Cup 198212Joseph Corrigan
11%
UEFA Euro 200022Richard Wright
11%

Score Distribution

Percentile by Number Answered

Percent of People with Each Score

Your Score History

You have not taken this quiz since the last reset